Histoire du drapeau de la Lituanie - Statistiques

Statistiques générales
  • Ce quiz a été pris 89 fois
    24 depuis la dernière actualisation
  • Le résultat moyen est 5 sur 9
Statistiques - réponses
Hint Réponse % Correct
Occupation allemande pendant la seconde guerre mondiale (1941-1944)
82%
Grand-duché de Lituanie (1236-1569)
65%
République des deux nations (1569-1795)
65%
Occupation allemande pendant la première guerre mondiale (1915-1918)
59%
Royaume de Lituanie (1918), république de Lituanie (1918-1940), troisième drapeau de la république socialiste soviétique de Lituanie (1988-1990) et Lituanie (drapeau actuel depuis 1990)
59%
Premier drapeau de la république socialiste soviétique de Lituanie (1940-1941 et 1944-1953)
53%
Deuxième drapeau de l'empire Russe (1858-1896)
53%
Deuxième drapeau de la république socialiste soviétique de Lituanie (1953-1988)
53%
Premier drapeau de l'empire Russe (1795-1858) et troisième drapeau de l'empire Russe (1896-1915)
29%
Aucun quiz correspondant
Distribution des résultats
% des personnes avec chaque résultat
Percentile par nombre de réponses
Votre historique - résultats
Vous n’avez pas pris ce quiz depuis la dernière actualisation